El delito de secuestro extorsivo / (Registro nro. 6087)
[ vista simple ]
| 000 -LEADER | |
|---|---|
| fixed length control field | 01260nab a22002057a 4500 |
| 003 - CONTROL NUMBER IDENTIFIER | |
| control field | OSt |
| 005 - DATE AND TIME OF LATEST TRANSACTION | |
| control field | 20260121200237.0 |
| 008 - FIXED-LENGTH DATA ELEMENTS--GENERAL INFORMATION | |
| fixed length control field | 190502c xxu||||| |||| 00| 0 spa d |
| 040 ## - CATALOGING SOURCE | |
| Transcribing agency | PJ |
| 100 ## - MAIN ENTRY--PERSONAL NAME | |
| 9 (RLIN) | 6861 |
| Personal name | Yáñez Mosteirin, Agustina Paz |
| 245 13 - TITLE STATEMENT | |
| Title | El delito de secuestro extorsivo / |
| Statement of responsibility, etc | Agustina Paz Yáñez Mosteirin. |
| 260 ## - PUBLICATION, DISTRIBUTION, ETC. (IMPRINT) | |
| Place of publication, distribution, etc | Ciudad Autónoma de Buenos Aires : |
| Name of publisher, distributor, etc | Thomson Reuters La Ley, |
| Date of publication, distribution, etc | 2024. |
| 300 ## - PHYSICAL DESCRIPTION | |
| Extent | p. 11-22 |
| 505 ## - FORMATTED CONTENTS NOTE | |
| Formatted contents note | Sumario: I. Bien jurídico protegido.— II. Relación de especialidad con respecto al delito de secuestro coactivo.— III. El delito de secuestro extorsivo como una variante dentro del delito de extorsión y su diferencia con el delito de robo.— IV. Tipo objetivo.— V. Tipo subjetivo: especial elemento subjetivo.— VI. Consumación del delito.— VII. Coautoría.— VIII. Agravantes.— IX. Imposibilidad de concesión de libertad condicional.— X. Cuestiones procesales.<br/><br/> |
| 505 ## - FORMATTED CONTENTS NOTE | |
| Title | ¿Te interesa el texto completo? Solicitalo al correo: koha@justierradelfuego.gov.ar |
| 650 #0 - SUBJECT ADDED ENTRY--TOPICAL TERM | |
| 9 (RLIN) | 343 |
| Topical term or geographic name as entry element | DERECHO PENAL |
| 650 #0 - SUBJECT ADDED ENTRY--TOPICAL TERM | |
| 9 (RLIN) | 3228 |
| Topical term or geographic name as entry element | SECUESTRO EXTORSIVO |
| 773 0# - HOST ITEM ENTRY | |
| Host Biblionumber | 2729 |
| Host Itemnumber | 3180 |
| Place, publisher, and date of publication | Buenos Aires : LexisNexis, 2006- |
| Title | Revista de derecho penal y procesal penal. Nº 8 - Agosto 2024 |
| International Standard Book Number | 9875920622 |
| 942 ## - ADDED ENTRY ELEMENTS (KOHA) | |
| Source of classification or shelving scheme | |
| Koha item type | Analítica Artículo de Revista |
No hay ítems disponibles.
